| 000 | 00735nam a22002537a 4500 | ||
|---|---|---|---|
| 003 | DO-SdBNP | ||
| 005 | 20220715104001.0 | ||
| 008 | 160721b 1999 v |||| 00| 0 spa d | ||
| 020 | _a9803662295 | ||
| 040 |
_aBPMSU _bspa _cBPMSU |
||
| 082 |
_aV863.42 _bG135d 1999 _222 |
||
| 100 | 1 |
_aGallegos, Rómulo, _d1884-1969 |
|
| 245 | 1 | 0 |
_aDoña Barbara / _cRómulo Gallegos ; prólogo Efraín Subero |
| 250 | _a3a ed. | ||
| 260 |
_aQuito, Ecuador : _bLibresa, _c1999 |
||
| 300 |
_a96 p. : _c22 cm. |
||
| 500 | _3Incluye datos biográficos del autor en la contracubierta | ||
| 590 | _6Inventariado, 20121/VM | ||
| 650 | 4 | _aNovela venezolana. | |
| 700 | 1 |
_aSubero, Efraín _epról. |
|
| 830 | _a | ||
| 910 | _aVMateo | ||
| 942 |
_2ddc _cBK |
||
| 999 |
_c13453 _d13453 |
||